La lírica en la materia de lengua castellana y literatura : cómo enseñar lírica en la ESO? : propuestas educativas desde el marco curricular andaluz /

Guardado en:
Otros Autores: Timón Benítez, Luis Manuel, (coordinador.), Cárdenas Sánchez, Jesús, (coordinador.)
Formato: eBook
Idioma:Spanish
Publicado: Sevilla : Wanceulen Editorial, 2010.
Series:Colección educación secundaria obligatoria.
Materias:
Acceso en línea:https://elibro.net/ereader/unsbiblio/63243
Etiquetas: Agregar Etiqueta
Sin Etiquetas, Sea el primero en etiquetar este registro!
LEADER 01994nam a2200481 i 4500
001 elibro.ELB63243
003 FlNmELB
006 m o d |
007 cr cnu||||||||
008 180110s2010 sp ob 000 0 spa d
020 |z 9788498239423 
020 |a 9788499930640 (e-book) 
035 |a (MiAaPQ)EBC5102717 
035 |a (Au-PeEL)EBL5102717 
035 |a (CaPaEBR)ebr11453382 
035 |a (OCoLC)1149124801 
040 |a FINmELB  |b spa  |e rda  |c FINmELB 
050 4 |a PQ6013  |b L5662 2010 
080 |a 821.134.2(07) 
082 0 |a 860.71146  |2 23 
245 0 3 |a La lírica en la materia de lengua castellana y literatura :  |b cómo enseñar lírica en la ESO? : propuestas educativas desde el marco curricular andaluz /  |c Jesús Cardenas Sánchez, Luis Manuel Timón Benítez (coordinadores). 
264 1 |a Sevilla :  |b Wanceulen Editorial,  |c 2010. 
300 |a 1 recurso en línea (56 páginas) 
336 |a texto  |b txt  |2 rdacontent/spa 
337 |a computadora  |b c  |2 rdamedia/spa 
338 |a recurso en línea  |b cr  |2 rdacarrier/spa 
490 1 |a Colección educación secundaria obligatoria 
504 |a Contiene bibliografía. 
588 |a Descripción basada en recurso en línea; Título de la página del título en PDF (e-libro, visto January 10, 2018). 
590 |a Recurso electrónico. Santa Fe, Arg.: e-libro, 2018. Disponible vía World Wide Web. El acceso puede estar limitado para las bibliotecas afiliadas a e-libro. 
650 0 |a Spanish literature  |x Study and teaching. 
650 0 |a Lyric poetry. 
650 0 |a Education, Seondary  |z Spain. 
650 4 |a Poesía. 
650 4 |a Enseñanza secundaria. 
651 0 |a Andalusia(Spain) 
651 4 |a España. 
655 4 |a Libros electrónicos. 
700 1 |a Timón Benítez, Luis Manuel,  |e coordinador. 
700 1 |a Cárdenas Sánchez, Jesús,  |e coordinador. 
797 2 |a e-libro, Corp. 
830 0 |a Colección educación secundaria obligatoria. 
856 4 0 |u https://elibro.net/ereader/unsbiblio/63243